Enseigner les faits religieux : Quels enjeux ? (notice n° 1512887)
[ vue normale ]
| 000 -LEADER | |
|---|---|
| fixed length control field | 01294cam a2200145 4500500 |
| 005 - DATE AND TIME OF LATEST TRANSACTION | |
| control field | 20251012002045.0 |
| 041 ## - LANGUAGE CODE | |
| Language code of text/sound track or separate title | fre |
| 042 ## - AUTHENTICATION CODE | |
| Authentication code | dc |
| 100 10 - MAIN ENTRY--PERSONAL NAME | |
| Personal name | Borne, Dominique |
| Relator term | author |
| 245 00 - TITLE STATEMENT | |
| Title | Enseigner les faits religieux : Quels enjeux ? |
| 260 ## - PUBLICATION, DISTRIBUTION, ETC. | |
| Name of publisher, distributor, etc. | Armand Colin,<br/> |
| Date of publication, distribution, etc. | 2007.<br/> |
| 520 ## - SUMMARY, ETC. | |
| Summary, etc. | Depuis 2002, l’enseignement des faits religieux est entré dans les programmes des différentes disciplines. Ce livre rappelle l’histoire des relations entre la République et les sciences religieuses et interroge l’expression faits religieux. Puis il aborde concrètement les problèmes de la classe: quelle est la place des faits religieux dans les programmes des différentes disciplines&#8239;? Peut-on conseiller des démarches pédagogiques&#8239;? Comment aborder ces questions dans des perspectives nécessairement laïques&#8239;? Enfin, l’enseignement des faits religieux renvoie à des débats sociaux, culturels et politiques: dans un climat général de sécularisation, la France affronte le pluralisme et des formes fondamentalistes du religieux. L’école ne peut être absente de ces débats. |
| 700 10 - ADDED ENTRY--PERSONAL NAME | |
| Personal name | Willaime, Jean-Paul |
| Relator term | author |
| 856 41 - ELECTRONIC LOCATION AND ACCESS | |
| Uniform Resource Identifier | <a href="https://shs.cairn.info/enseigner-les-faits-religieux--9782200346409?lang=fr&redirect-ssocas=7080">https://shs.cairn.info/enseigner-les-faits-religieux--9782200346409?lang=fr&redirect-ssocas=7080</a> |
Pas d'exemplaire disponible.




Réseaux sociaux